|
|
|
|
| LEADER |
00000nab#a22000007a#4500 |
| 001 |
arbauad029953 |
| 003 |
AR-BaUAD |
| 005 |
20250711112421.0 |
| 008 |
980211|||||||||###||||||b###|0###a|spa|| |
| 040 |
|
|
|a AR-BaUAD
|c AR-BaUAD
|b spa
|
| 100 |
|
|
|a Seeling, Maarit
|
| 245 |
|
|
|a Jorma Hinkka :
|b Graphic Artist of the Year /
|c Maarit Seeling;
|
| 300 |
0 |
|
|b fot.
|
| 653 |
|
|
|a FINLANDIA
|
| 653 |
|
|
|a HINKKA, JORMA
|
| 653 |
|
|
|a DISEÑADORES GRAFICOS
|
| 773 |
0 |
|
|t FORM FUNCTION
|g no. 68 [dic. 1997], p. 52-53
|
| 942 |
|
|
|c ARTI
|
| 952 |
|
|
|0 0
|1 0
|4 0
|7 0
|9 74872
|a AR-BAuAD
|b AR-BAuAD
|d 2025-07-11
|l 0
|p AAQA029953
|r 2025-07-11 11:24:21
|w 2025-07-11
|y ARTI
|
| 990 |
|
|
|a DG199
|b TD
|
| 998 |
|
|
|a AAQ
|b BIBUN76
|
| 999 |
|
|
|c 54545
|d 54545
|